La influencia de Godoy en el desarrollo de los Estados Unidos de América, a costa de Nueva España /

Enregistré dans:
Détails bibliographiques
Auteur principal: Young, Raymond Arthur (autor)
Format: Livre
Langue:espagnol
Publié: México : Jus, 1968, c1968
Tags: Ajouter un tag
Pas de tags, Soyez le premier à ajouter un tag!

MARC

LEADER 00000nam^a2200000^a^4500
001 000564578
005 20250521000000.0
009 20260310132028.847
037 |a Acervo ITESO - Biblioteca 
041 |a ESP 
091 |a FGM. 02373 
100 |a Young, Raymond Arthur  |e (autor) 
245 1 3 |a La influencia de Godoy en el desarrollo de los Estados Unidos de América, a costa de Nueva España / 
264 4 |a México :  |b Jus,  |c 1968, c1968 
300 |a V, 146 p. 
336 |a texto  |b txt  |2 rdacontenido 
337 |a sin mediación  |b n  |2 rdamedio 
338 |a volumen  |b nc  |2 rdasoporte 
649 |a XX 
910 |a Fondo Efraín González Morfín 
920 |a Impresos - Libros 
930 |a Fondos Especiales 
905 |a 130 
901 |a 0500394116  |b IT2  |c ESL  |i D88961  |u 20250521 
902 |a https://opac.biblio.iteso.mx/vufind/Record/000564578